000 01109nam a2200229Ia 4500
001 13138
005 20260410163315.0
008 260306t2022||||xx |||||||||||||| ||spa||
041 _aESP
082 _a616.075
_bA71
100 _aArgente, Horacio A.,
_eAUT
245 0 _aSemiología médica :
_bfisiopatología, semiotecnia y propedéutica. Enseñanza - aprendizaje centrada en la persona
260 _c2022
300 _al, 1710 páginas :
_c28 cm.
650 _aGEN
654 _aCCS
856 _uhttps://itmsp.museknowledge.com/UCSP?url=https://www.ebooks7-24.com:443/?il=11953&pg=1
_zVéase además: Fisiopatología. Versión digital
856 _uhttps://0u213vy1u-y-https-ebooks7--24-com.itmsp.museknowledge.com/biblioteca.aspx
_zVéase además: Base de datos Ebook7-24
856 _uhttps://0u216vxzu-y-https-accessmedicina-mhmedical-com.itmsp.museknowledge.com/
_zVéase además: Base de datos McGraw Hill Access Medicina
856 _uhttps://0u23fvy1z-y-https-www-clinicalkey-com.itmsp.museknowledge.com/student/login
_zVéase además: Base de datos ClinicalKey
942 _cLIB
_dJUS
_fJUS
_2ddc
999 _c13138
_d13138